Полное собрание сочинений и писем И.С. Никитина : (Record no. 407805)
[ view plain ]
| 000 -LEADER | |
|---|---|
| fixed length control field | 01245nam a22002297a 4500 |
| 003 - CONTROL NUMBER IDENTIFIER | |
| control field | AM-YeHGA |
| 005 - DATE AND TIME OF LATEST TRANSACTION | |
| control field | 20250617154235.0 |
| 008 - FIXED-LENGTH DATA ELEMENTS--GENERAL INFORMATION | |
| fixed length control field | 180702s ||||| |||| 00| 0 rus d |
| 040 ## - CATALOGING SOURCE | |
| Original cataloging agency | AM-YeHGA |
| 041 0# - LANGUAGE CODE | |
| Language code of text/sound track or separate title | rus |
| 090 ## - LOCALLY ASSIGNED LC-TYPE CALL NUMBER (OCLC); LOCAL CALL NUMBER (RLIN) | |
| -- | 410072 |
| 100 1# - MAIN ENTRY--PERSONAL NAME | |
| Personal name | Никитин, Иван Саввич |
| Dates associated with a name | (1824-1861) |
| 245 10 - TITLE STATEMENT | |
| Title | Полное собрание сочинений и писем И.С. Никитина : |
| Remainder of title | Провер. по рукописям и первопечат. источникам текста и варианты / |
| Statement of responsibility, etc. | Под ред., с биогр. очерком, статьями и примеч. А.Г. Фомина; Вступ. ст. Ю.И. Айхенвальда |
| 260 ## - PUBLICATION, DISTRIBUTION, ETC. | |
| Place of publication, distribution, etc. | Санкт-Петербург : |
| Name of publisher, distributor, etc. | Просвещение, |
| Date of publication, distribution, etc. | [1896] - |
| 300 ## - PHYSICAL DESCRIPTION | |
| Extent | том |
| 440 #0 - SERIES STATEMENT/ADDED ENTRY--TITLE | |
| Title | Всемирная библиотека. Собрание сочинений известных русских и иностранных писателей |
| 505 10 - FORMATTED CONTENTS NOTE | |
| Miscellaneous information | Т. 1 ([1896], 402 с.) |
| 653 0# - INDEX TERM--UNCONTROLLED | |
| Uncontrolled term | Русская литература |
| 700 1# - ADDED ENTRY--PERSONAL NAME | |
| Personal name | Фомин, Александр Григорьевич |
| Relator term | ред. |
| Relationship | edt |
| 700 1# - ADDED ENTRY--PERSONAL NAME | |
| Personal name | Айхенвальд, Юлий Исаевич |
| Relator term | авт. предисл. |
| Relationship | aui |
| 942 ## - ADDED ENTRY ELEMENTS (KOHA) | |
| Source of classification or shelving scheme | Universal Decimal Classification |
| Koha item type | Գրքեր / Books |
| Withdrawn status | Lost status | Source of classification or shelving scheme | Damaged status | Not for loan | Collection | Home library | Current library | Date acquired | Serial enumeration / chronology | Total checkouts | Full call number | Barcode | Date last seen | Price effective from | Koha item type | Public note |
|---|---|---|---|---|---|---|---|---|---|---|---|---|---|---|---|---|
| Universal Decimal Classification | General | Fundamental Scientific Library | Fundamental Scientific Library | 02/07/2018 | Т. 1 | PД II/1201 | FL0509644 | 02/07/2018 | 02/07/2018 | Գրքեր / Books | 30 Days Loan |
ՀՀ Գիտությունների ազգային ակադեմիայի հիմնարար գիտական գրադարան = Fundamental Scientific Library of NAS RA
All site content, except where otherwise noted, is licensed under a